Физико-химические процессы, протекающие при переработке термопластов в изделия: учебное пособие

Xehetasun bibliografikoak
Egile nagusia: Вишневецкая Л. П. Людмила Павловна
Erakunde egilea: Ленинградский технологический институт им. Ленсовета
Beste egile batzuk: Тризно М. С. Мая Степановна
Hizkuntza:errusiera
Argitaratua: Ленинград, ЛТИ, 1980
Gaiak:
Formatua: MixedMaterials Liburua
KOHA link:https://koha.lib.tpu.ru/cgi-bin/koha/opac-detail.pl?biblionumber=127035

MARC

LEADER 00000nam0a2200000 4500
001 127035
005 20231031132059.0
035 |a (RuTPU)RU\TPU\book\137419 
090 |a 127035 
100 |a 20071207d1980 m y0rusy50 ca 
101 0 |a rus 
102 |a RU 
105 |a a j 001zy 
200 1 |a Физико-химические процессы, протекающие при переработке термопластов в изделия  |e учебное пособие  |f Л. П. Вишневецкая , М. С. Тризно 
210 |a Ленинград  |c ЛТИ  |d 1980 
215 |a 80 с.  |c ил. 
320 |a Библиогр.: с. 79. 
610 1 |a полимерные материалы 
610 1 |a физико-химические процессы 
610 1 |a термопласты 
610 1 |a учебные пособия 
610 1 |a плавление 
610 1 |a химические реакции 
675 |a 678.07(075.8)  |v 3 
700 1 |a Вишневецкая  |b Л. П.  |g Людмила Павловна 
701 1 |a Тризно  |b М. С.  |g Мая Степановна 
712 0 2 |a Ленинградский технологический институт им. Ленсовета  |2 stltpush  |3 (RuTPU)RU\TPU\col\1462 
801 1 |a RU  |b 63413507  |c 20071207  |g PSBO 
801 2 |a RU  |b 63413507  |c 20180227  |g PSBO 
942 |c BK